[Event "Kesarovski Georgiev Memorial 4th"]
[Site "Sunny Beach"]
[Date "2005.09.21"]
[Round "6"]
[White "Spasov, Aleksandar"]
[Black "Mahlev, Atanas"]
[Result "1/2-1/2"]
[WhiteElo "2130"]
[BlackElo "2022"]
[PlyCount "115"]
[EventDate "2005.09.16"]
[EventType "swiss"]
[EventRounds "9"]
[EventCountry "BUL"]
[SourceTitle "CBM 108 Extra"]
[Source "ChessBase"]
[SourceDate "2005.11.04"]
[SourceVersion "1"]
[SourceVersionDate "2005.11.04"]
[SourceQuality "1"]

1. d4 d5 2. Bg5 Nd7 3. c4 c6 4. cxd5 cxd5 5. Nc3 Ngf6 6. Qb3 e6 7. Nf3 Qa5 8. a3 Bd6 9. e3 Ne4 10. Rc1 Nxg5 11. Nxg5 0-0 12. Bd3 Nf6 13. 0-0 h6 14. Nf3 a6 15. Bb1 Bd7 16. Qc2 Rfc8 17. Qd3 b5 18. Ne5 Be8 19. b4 Qxa3 20. Nxd5 Qxd3 21. Nxf6+ gxf6 22. Nxd3 Bc6 23. Nc5 Bd5 24. Bd3 f5 25. Ra1 a5 26. Nd7 Rc3 27. Bxb5 axb4 28. Nf6+ Kf8 29. Nxd5 Rxa1 30. Rxa1 exd5 31. g3 Ke7 32. Rb1 Kf6 33. Kg2 Ke7 34. Rb2 Kd8 35. Ba4 Ke7 36. Bb3 Ke6 37. Rb1 Rd3 38. Rb2 Be7 39. Kf3 Bd6 40. Ke2 Rc3 41. Kd2 Be7 42. Ke2 Bd6 43. f3 h5 44. e4 fxe4 45. fxe4 f6 46. Bxd5+ Ke7 47. Bb3 h4 48. gxh4 Rh3 49. Kf1 Rxh4 50. Bd5 Rxh2 51. Rxh2 Bxh2 52. Kf2 Kd6 53. Bb3 Bf4 54. Ke2 Bc1 55. Kd3 Bb2 56. Kc4 Bc3 57. Kb5 Bxd4 58. Kxb4 1/2-1/2